000
00271nam a22000977a 4500
082
_a
621.381 EDU'M
100
_a
MULARD
_9
79816
245
_a
EDUCATIONAL ELECTRONIC EXPERIMENTS SOLID STATE U.H.F MICROWAVE OSCILLATOR (IGHZ)
260
_a
LONDON
_b
MULLARD
_c
1969
942
_c
BK
999
_c
584808
_d
584808